[Event "Baleares-chT"]
[Site "Palma de Mallorca"]
[Date "2022.03.05"]
[Round "7.3"]
[White "Bestard Borras, Miguel"]
[Black "Korneev, Svyatoslav"]
[Result "1/2-1/2"]
[WhiteElo "2135"]
[BlackElo "2174"]
[PlyCount "71"]
[EventDate "2022.01.22"]
[EventType "team-tourn"]
[EventRounds "7"]
[EventCountry "ESP"]
[SourceTitle "EXT 2023"]
[Source "ChessBase"]
[SourceDate "2022.10.05"]
[SourceVersion "1"]
[SourceVersionDate "2022.10.05"]
[SourceQuality "1"]
[WhiteTeam "Can Tiu Sa Dragonera"]
[BlackTeam "Agora Megaescacs"]
[WhiteTeamCountry "ESP"]
[BlackTeamCountry "ESP"]

1. d4 e6 2. e4 d5 3. exd5 exd5 4. c4 Nf6 5. Nf3 Be7 6. Nc3 0-0 7. Bd3 Nc6 8. h3 Nb4 9. Be2 dxc4 10. Bxc4 c6 11. 0-0 Bf5 12. Bg5 h6 13. Bh4 g5 14. Bg3 Nbd5 15. Ne5 Qa5 16. Bxd5 Nxd5 17. Qh5 Kg7 18. f4 Bg6 19. Qf3 gxf4 20. Bxf4 Nxf4 21. Qxf4 Rad8 22. Qg4 Kh7 23. Nxg6 fxg6 24. Qe6 Qb4 25. Rf7+ Rxf7 26. Qxf7+ Kh8 27. Rd1 Rg8 28. d5 cxd5 29. Nxd5 Qc5+ 30. Kh1 Rg7 31. Qe8+ Kh7 32. Nxe7 Rxe7 33. Rd7 Qc1+ 34. Kh2 Qf4+ 35. Kh1 Qf1+ 36. Kh2 1/2-1/2

[Event "Mallorca-chT Preferente"]
[Site "Palma de Mallorca"]
[Date "2020.02.29"]
[Round "5.3"]
[White "Bestard Borras, Miguel"]
[Black "Cisneros Serra, Javier"]
[Result "1-0"]
[WhiteElo "2177"]
[BlackElo "1900"]
[PlyCount "55"]
[EventDate "2020.02.01"]
[EventType "team-tourn"]
[EventRounds "9"]
[EventCountry "ESP"]
[SourceTitle "CBM 195 Extra"]
[Source "ChessBase"]
[SourceDate "2020.05.31"]
[SourceVersion "1"]
[SourceVersionDate "2020.05.31"]
[SourceQuality "1"]
[WhiteTeam "Sa Dragonera"]
[BlackTeam "Alcudia"]
[WhiteTeamCountry "ESP"]
[BlackTeamCountry "ESP"]

1. d4 Nf6 2. Bf4 e6 3. e3 c5 4. Nd2 Nc6 5. c3 d5 6. Bd3 Bd6 7. Bxd6 Qxd6 8. f4 0-0 9. Nh3 b6 10. 0-0 Bb7 11. g4 Rfe8 12. Rf2 Nd7 13. Qc2 Nf8 14. Ng5 h6 15. Bh7+ Nxh7 16. Qxh7+ Kf8 17. Nxf7 Kxf7 18. f5 exf5 19. Rxf5+ Ke7 20. Qxg7+ Kd8 21. Qxb7 Rb8 22. Qf7 Ne7 23. Rf6 Qc7 24. Re6 Rg8 25. h3 h5 26. Rxe7 Qxe7 27. Qxg8+ Kc7 28. Qxd5 1-0

[Event "Mallorca-chT Preferente"]
[Site "Palma de Mallorca"]
[Date "2020.02.08"]
[Round "2.5"]
[White "Bestard Borras, Miguel"]
[Black "Planas Gene, Juan"]
[Result "0-1"]
[WhiteElo "2177"]
[BlackElo "2032"]
[PlyCount "76"]
[EventDate "2020.02.01"]
[EventType "team-tourn"]
[EventRounds "9"]
[EventCountry "ESP"]
[SourceTitle "CBM 195 Extra"]
[Source "ChessBase"]
[SourceDate "2020.05.31"]
[SourceVersion "1"]
[SourceVersionDate "2020.05.31"]
[SourceQuality "1"]
[WhiteTeam "Sa Dragonera"]
[BlackTeam "Son Dameto"]
[WhiteTeamCountry "ESP"]
[BlackTeamCountry "ESP"]

1. d4 Nf6 2. Bg5 g6 3. Bxf6 exf6 4. g3 Bg7 5. Bg2 0-0 6. e3 d5 7. Ne2 c6 8. Nd2 f5 9. 0-0 Nd7 10. c4 Nf6 11. b4 Ne4 12. cxd5 cxd5 13. Nb1 Be6 14. Qb3 Rc8 15. Qa3 Qb6 16. Nbc3 Rc4 17. Rfb1 Rfc8 18. Nxe4 fxe4 19. Qa5 Qxa5 20. bxa5 R8c7 21. Nf4 Ra4 22. Rb5 a6 23. Rxd5 Bxd5 24. Nxd5 Rc2 25. Bxe4 Rcxa2 26. Rb1 Ra1 27. Nc3 Rxb1+ 28. Nxb1 Rxa5 29. Bxb7 Ra1 30. Be4 Bf8 31. Kf1 Bb4 32. Ke2 a5 33. Kd1 a4 34. Kc2 Ra2+ 35. Kd3 Rxf2 36. Kc4 a3 37. Nc3 Bxc3 38. Kxc3 a2 0-1

[Event "ESP-chT CECLUB Div2"]
[Site "Ciudad Real"]
[Date "2013.08.08"]
[Round "3.1"]
[White "Navarro Lopez Menchero, Daniel"]
[Black "Bestard Borras, Miguel"]
[Result "1-0"]
[WhiteElo "2318"]
[BlackElo "2162"]
[PlyCount "117"]
[EventDate "2013.08.07"]
[EventType "team-swiss"]
[EventRounds "6"]
[EventCountry "ESP"]
[SourceTitle "CBM 155 Extra"]
[Source "ChessBase"]
[SourceDate "2013.08.26"]
[SourceVersion "1"]
[SourceVersionDate "2013.08.26"]
[SourceQuality "1"]
[WhiteTeam "Silla"]
[BlackTeam "Binissalem"]
[WhiteTeamCountry "ESP"]
[BlackTeamCountry "ESP"]

1. e4 e5 2. Nf3 Nf6 3. Nxe5 d6 4. Nf3 Nxe4 5. Nc3 Nf6 6. d4 d5 7. Bg5 Be7 8. Bd3 c6 9. Qd2 Nbd7 10. 0-0 Nf8 11. Rfe1 Ne6 12. Bh4 0-0 13. Qe3 Ng4 14. Bxe7 Qxe7 15. Qd2 Qf6 16. Ne2 Qh6 17. Qxh6 Nxh6 18. h3 g6 19. c3 f6 20. c4 Bd7 21. Nc3 Nc7 22. c5 Rae8 23. b4 a6 24. a4 Rxe1+ 25. Rxe1 Re8 26. Rb1 Bf5 27. Bxf5 Nxf5 28. g4 Ne7 29. b5 axb5 30. axb5 Ne6 31. Ra1 cxb5 32. Nxb5 Nc6 33. Re1 Re7 34. Kf1 Kf8 35. h4 h6 36. Re3 Nf4 37. g5 hxg5 38. hxg5 fxg5 39. Nxg5 Rxe3 40. fxe3 Nh5 41. Ne6+ Ke7 42. Nec7 Nf6 43. Ke2 Kd7 44. Na8 g5 45. Nb6+ Ke7 46. Nc8+ Kd7 47. Nb6+ Ke7 48. Kf3 Na5 49. Nc7 g4+ 50. Kf4 g3 51. Kxg3 Ne4+ 52. Kf4 Nxc5 53. dxc5 Nb3 54. Ncxd5+ Ke6 55. Nc7+ Ke7 56. Na4 Kd7 57. Nb5 Nd2 58. Nd4 Nc4 59. e4 1-0

[Event "Palma de Mallorca op U2200"]
[Site "Palma de Mallorca"]
[Date "2013.01.13"]
[Round "2"]
[White "Bestard Borras, Miguel"]
[Black "Valls Casas, Jordi"]
[Result "1-0"]
[WhiteElo "2178"]
[BlackElo "2030"]
[PlyCount "117"]
[EventDate "2013.01.12"]
[EventType "swiss"]
[EventRounds "9"]
[EventCountry "ESP"]
[SourceTitle "EXT 2014"]
[Source "ChessBase"]
[SourceDate "2013.11.20"]
[SourceVersion "1"]
[SourceVersionDate "2013.11.20"]
[SourceQuality "1"]

1. e4 c6 2. c4 d5 3. cxd5 cxd5 4. exd5 Qxd5 5. Nc3 Qd6 6. d4 Nf6 7. g3 Bg4 8. f3 Bd7 9. Nge2 e6 10. Bg2 Bc6 11. 0-0 Be7 12. a3 a5 13. Bf4 Qd7 14. Rc1 0-0 15. Re1 Na6 16. Kh1 Nc7 17. Be3 Rfd8 18. Qb3 Ncd5 19. Bg1 Nxc3 20. Nxc3 Rac8 21. Ne4 Nxe4 22. fxe4 Bg5 23. Rc5 a4 24. Qc2 h6 25. b4 axb3 26. Qxb3 Ba4 27. Qb6 Rxc5 28. Qxc5 Rc8 29. Qb6 Bc6 30. Rd1 Bd8 31. Qa7 Bf6 32. d5 exd5 33. exd5 b5 34. Rc1 Qxa7 35. Bxa7 Bd7 36. Rxc8+ Bxc8 37. Bc5 Bd7 38. Kg1 h5 39. h3 Be5 40. Kf2 f5 41. Bf3 g6 42. Bd1 Kf7 43. Bb3 Kf6 44. Kf3 Bb2 45. Bf8 Kf7 46. Bd6 Kf6 47. h4 Be5 48. Bc5 Bb2 49. Ke3 Be5 50. Bd4 Bxd4+ 51. Kxd4 g5 52. hxg5+ Kxg5 53. Bd1 h4 54. gxh4+ Kxh4 55. Ke5 Kg3 56. Kd6 Be8 57. Ke7 Bg6 58. d6 f4 59. d7 1-0

[Event "ESP-ch Autonomicas"]
[Site "Gijon"]
[Date "2011.04.29"]
[Round "1.3"]
[White "Bestard Borras, Miguel"]
[Black "Gonzalez Menendez, Ivan"]
[Result "0-1"]
[WhiteElo "2204"]
[BlackElo "2455"]
[PlyCount "126"]
[EventDate "2011.04.29"]
[EventType "team-swiss"]
[EventRounds "6"]
[EventCountry "ESP"]
[SourceTitle "CBM 142 Extra"]
[Source "ChessBase"]
[SourceDate "2011.06.27"]
[SourceVersion "1"]
[SourceVersionDate "2011.06.27"]
[SourceQuality "1"]
[WhiteTeam "Baleares"]
[BlackTeam "Asturias"]
[WhiteTeamCountry "ESP"]
[BlackTeamCountry "ESP"]

1. d4 e6 2. Bf4 c5 3. e3 Nf6 4. c3 Nc6 5. Nd2 d5 6. Bd3 Bd6 7. Bxd6 Qxd6 8. f4 Bd7 9. Nh3 h6 10. 0-0 0-0-0 11. Qe2 Kb8 12. a3 Ng8 13. dxc5 Qxc5 14. c4 Nf6 15. b4 Qe7 16. Nb3 dxc4 17. Bxc4 Rc8 18. Nc5 e5 19. Nxd7+ Nxd7 20. Rad1 Rhe8 21. Qd3 Nb6 22. Bb5 exf4 23. exf4 Red8 24. Qe2 Qxe2 25. Bxe2 Nd4 26. Bg4 f5 27. Bh5 Nc4 28. Rd3 Nb2 29. Rg3 Rc7 30. Nf2 Ne6 31. Nd1 Nxd1 32. Bxd1 Nxf4 33. Rxf4 Rxd1+ 34. Rf1 Rxf1+ 35. Kxf1 g5 36. Rd3 Rc1+ 37. Kf2 Kc7 38. Rh3 Rc2+ 39. Kf1 Rc6 40. Rh5 Rf6 41. Rh3 a6 42. Kf2 b6 43. Rc3+ Rc6 44. Rd3 Rc2+ 45. Kf3 Ra2 46. Rc3+ Kd6 47. h3 Kd5 48. Rd3+ Kc4 49. Re3 b5 50. g3 Kd4 51. Re6 Rxa3+ 52. Kf2 Ra2+ 53. Kf3 h5 54. Rh6 Ra3+ 55. Kf2 g4 56. h4 Ra2+ 57. Kg1 Ke4 58. Rxh5 f4 59. Rc5 f3 60. h5 Rg2+ 61. Kf1 Rxg3 62. h6 Rh3 63. Rc6 g3 0-1

[Event "Palma de Mallorca op 3rd"]
[Site "Palma de Mallorca"]
[Date "2008.12.11"]
[Round "6"]
[White "Valls Casas, Jordi"]
[Black "Bestard Borras, Miguel"]
[Result "0-1"]
[WhiteElo "2091"]
[BlackElo "2137"]
[PlyCount "60"]
[EventDate "2008.12.06"]
[EventType "swiss"]
[EventRounds "9"]
[EventCountry "ESP"]
[SourceTitle "CBM 127 Extra"]
[Source "ChessBase"]
[SourceDate "2009.01.08"]
[SourceVersion "2"]
[SourceVersionDate "2009.01.28"]
[SourceQuality "1"]

1. d4 d5 2. Nf3 Nc6 3. g3 Bf5 4. Bg2 Nb4 5. Na3 e6 6. Bf4 h6 7. c3 Nc6 8. Qb3 Qd7 9. Ne5 Nxe5 10. Bxe5 c6 11. 0-0 f6 12. Bf4 g5 13. Bd2 h5 14. f3 h4 15. g4 h3 16. Bh1 Bg6 17. c4 Bd6 18. cxd5 exd5 19. Bb4 Bb8 20. Nc2 Nh6 21. Rf2 Bf4 22. Ne3 0-0-0 23. Nf1 f5 24. Bd2 fxg4 25. Bxf4 gxf4 26. Rc1 Qf5 27. Ne3 fxe3 28. Qxe3 Rde8 29. Qa3 gxf3 30. Bxf3 Qg5+ 0-1

[Event "Palma de Mallorca op 3rd"]
[Site "Palma de Mallorca"]
[Date "2008.12.06"]
[Round "1"]
[White "Bestard Borras, Miguel"]
[Black "Narciso Dublan, Marc"]
[Result "0-1"]
[WhiteElo "2137"]
[BlackElo "2511"]
[PlyCount "166"]
[EventDate "2008.12.06"]
[EventType "swiss"]
[EventRounds "9"]
[EventCountry "ESP"]
[SourceTitle "CBM 127 Extra"]
[Source "ChessBase"]
[SourceDate "2009.01.08"]
[SourceVersion "2"]
[SourceVersionDate "2009.01.28"]
[SourceQuality "1"]

1. b3 e5 2. Bb2 Nc6 3. e3 Nf6 4. c4 d5 5. cxd5 Nxd5 6. d3 g5 7. Nc3 Be6 8. Nf3 g4 9. Nd2 Qd7 10. Be2 Ndb4 11. Nde4 0-0-0 12. Nf6 Nxd3+ 13. Bxd3 Qxd3 14. Qxd3 Rxd3 15. Ke2 Rd8 16. Nce4 Be7 17. Rhc1 h5 18. Rxc6 bxc6 19. Bxe5 Rh6 20. Rc1 Bd5 21. Nxd5 Rxd5 22. Bd4 Re6 23. Nc5 Bxc5 24. Bxc5 Ree5 25. b4 a5 26. a3 Kb7 27. Rc4 f5 28. Bd4 Re8 29. Kd3 axb4 30. axb4 Ra8 31. Rc2 Ra1 32. f3 gxf3 33. gxf3 Rd1+ 34. Ke2 Rh1 35. Kd3 f4 36. Ke4 fxe3 37. Bxe3 Re1 38. Kf4 Rd7 39. Bc5 Rf7+ 40. Kg3 Re6 41. f4 Rg6+ 42. Kf3 Ka6 43. Be3 Kb5 44. Rc5+ Kxb4 45. Rxh5 Kc4 46. h4 Kd3 47. Re5 Rd7 48. h5 Rh6 49. Bf2 Rd5 50. Kg4 Rh8 51. Re3+ Kd2 52. Re6 Rdxh5 53. Rxc6 R5h7 54. Bd4 Rg8+ 55. Kf5 Kd3 56. Be5 Rh5+ 57. Ke6 Rh6+ 58. Kd5 Rd8+ 59. Kc5 Rh1 60. Rxc7 Ke4 61. Kc6 Rc1+ 62. Kb7 Rb1+ 63. Ka7 Rd2 64. Rb7 Rh1 65. Rb4+ Kf5 66. Rb7 Ra2+ 67. Kb8 Rh6 68. Rf7+ Ke6 69. Rc7 Kd5 70. Rd7+ Ke4 71. Rc7 Ra4 72. Kc8 Ra8+ 73. Kb7 Raa6 74. Kb8 Rhe6 75. Kc8 Re8+ 76. Kd7 Rae6 77. Rc4+ Kf5 78. Rc7 Rf8 79. Rc5 Rf7+ 80. Kd8 Ra6 81. Rb5 Ke6 82. Kc8 Raa7 83. Rb6+ Kd5 0-1

[Event "Capdepera 1st"]
[Site "Capdepera"]
[Date "2004.04.26"]
[Round "4"]
[White "March Morla, Xavier"]
[Black "Bestard Borras, Miguel"]
[Result "1/2-1/2"]
[WhiteElo "2207"]
[BlackElo "2120"]
[PlyCount "23"]
[EventDate "2004.04.24"]
[EventType "tourn"]
[EventRounds "9"]
[EventCountry "ESP"]
[EventCategory "4"]
[SourceTitle "CBM 100 Extra"]
[Source "ChessBase"]
[SourceDate "2004.07.06"]
[SourceVersion "2"]
[SourceVersionDate "2004.07.06"]
[SourceQuality "1"]

1. e4 c5 2. Nc3 e6 3. f4 d5 4. Nf3 dxe4 5. Nxe4 Nd7 6. g3 b6 7. Bg2 Bb7 8. d3 Qc8 9. 0-0 Ngf6 10. Qe2 Be7 11. Bd2 0-0 12. Bc3 1/2-1/2

[Event "Catalunya-chT DH"]
[Site "Spain"]
[Date "2004.??.??"]
[Round "2"]
[White "Alsina Leal, Daniel"]
[Black "Bestard Borras, Miguel"]
[Result "1-0"]
[WhiteElo "2240"]
[BlackElo "2129"]
[PlyCount "113"]
[EventDate "2004.??.??"]
[EventType "team"]
[EventRounds "9"]
[EventCountry "ESP"]
[SourceTitle "EXT 2007"]
[Source "ChessBase"]
[SourceDate "2006.11.23"]
[SourceVersion "1"]
[SourceVersionDate "2006.11.23"]
[SourceQuality "1"]

1. e4 e5 2. Nf3 Nf6 3. d4 Nxe4 4. Bd3 d5 5. Nxe5 Nd7 6. Nxd7 Bxd7 7. 0-0 Qh4 8. g3 Qf6 9. Nc3 Qxd4 10. Nxe4 dxe4 11. Bxe4 Qxd1 12. Rxd1 0-0-0 13. Be3 a6 14. Bd4 Bg4 15. Rd3 f5 16. Bg2 Be2 17. Rd2 Bc5 18. c3 Bg4 19. Re1 Rd7 20. h3 Bh5 21. Re5 Bb6 22. Bd5 Bxd4 23. Rxd4 Kb8 24. Rxf5 Bg6 25. Rff4 c5 26. Rd2 b5 27. b3 c4 28. bxc4 Rhd8 29. Rfd4 bxc4 30. Bxc4 Rxd4 31. Rxd4 Rc8 32. Bxa6 Rxc3 33. a4 Rc1+ 34. Kg2 Ka7 35. Bd3 Be8 36. Bxh7 g6 37. Bg8 Ra1 38. h4 Bxa4 39. Bf7 Bc6+ 40. Bd5 Be8 41. Re4 Bb5 42. Re6 Bd3 43. Be4 Re1 44. Kf3 Kb8 45. Re8+ Kc7 46. Bxg6 Rxe8 47. Bxe8 Kd6 48. Kf4 Ke7 49. Bc6 Kf6 50. g4 Kg7 51. g5 Kh8 52. h5 Kg7 53. h6+ Kh8 54. Be4 Bc4 55. Ke5 Bg8 56. Kf6 Bf7 57. g6 1-0

[Event "Mallorca op"]
[Site "Mallorca"]
[Date "2000.12.03"]
[Round "2"]
[White "Bestard Borras, Miguel"]
[Black "Gonzalez Acosta, Bernal Manuel"]
[Result "0-1"]
[WhiteElo "2051"]
[BlackElo "2428"]
[PlyCount "45"]
[EventDate "2000.12.02"]
[EventType "swiss"]
[EventRounds "9"]
[EventCountry "ESP"]
[SourceTitle "CBM 079 Extra"]
[Source "ChessBase"]
[SourceDate "2001.01.11"]
[SourceVersion "2"]
[SourceVersionDate "2001.01.25"]
[SourceQuality "1"]

1. Nf3 g6 2. g3 Bg7 3. Bg2 e5 4. e4 Nc6 5. 0-0 Nge7 6. d3 0-0 7. Nbd2 d6 8. Re1 f5 9. c3 h6 10. Nf1 f4 11. d4 g5 12. dxe5 Nxe5 13. gxf4 gxf4 14. Nxe5 Bxe5 15. Qh5 Kh7 16. Kh1 Ng6 17. Bh3 Qh4 18. Qxh4 Nxh4 19. Bxc8 Raxc8 20. Nd2 Rg8 21. Rg1 Rxg1+ 22. Kxg1 f3 23. Nxf3 0-1